000 01087nam a22002297a 4500
005 20111102142633.0
008 111102t xxu||||| |||| 00| 0 mar d
010 _aMAR-21511
020 _c200.00
035 _aMR-14169
037 _bDBAD / PUB
040 _aDPL
_bMR
082 _a891.463
100 _aगाजरे,अंकुश
_935655
245 _aअनवाणी /
_cअंकुश गाजरे
246 _aAanavani
_bby Ankush Gajare
260 _aकोल्हापूर
_bरावा प्रकाशन
_c2011
270 _aअभिनंदन बुक डेपो,1495,'बी' इंदुमती अपार्टमेंट,गुलाब गल्ली,मंगलवार पेठ,
_bकोल्हापूर
_e416012
300 _a201पृ.
_b21सेमी(अजिल्द)
942 _2ddc
_cMR
_h891.463
_mगाजरे
999 _c58022
_d58022